000 00501nam a22001577a 4500
020 _a9788126540501
082 _a519.57 MON
100 _aMontgomery, Douglas C.
245 _aDesign and analysis of experiments
250 _a8th ed.
260 _aNew Delhi, India
_bWiley
_c2013
300 _axvii, 730 p.
_bill. ;
500 _aIncludes bibliographical references (pages 719-724) and index.
650 _a1. Experimental design. 2. TECHNOLOGY & ENGINEERING / Industrial Engineering.
942 _cBK
999 _c12510
_d12510